| 000 | 00797nam a2200241 a 4500 | ||
|---|---|---|---|
| 001 | 000022676 | ||
| 005 | 20200930021731.0 | ||
| 008 | 101014s1997 es 001 0 spa d | ||
| 020 | _a8423988171 | ||
| 040 |
_aDO-SdBNP _bspa _cBNPHU |
||
| 082 |
_axxxx _bU543a |
||
| 100 | 1 |
_aUnamuno, Miguel de _d1864-1936 _96254 |
|
| 245 | 1 | 0 |
_aAbel Sánchez una historia de pasión ; _bNiebla ; La tía Tula ; Paz en la Guerra / _cMiguel de Unamuno. |
| 260 |
_aMadrid, : _bEditorial Espasa Calpe, _c1997. _fHuertas |
||
| 300 | _a687 p. | ||
| 490 | 1 | _aAntología de la literatura universal | |
| 563 | _aVarias obras empaginadas en páginas continuas | ||
| 740 | 2 | _aNiebla | |
| 740 | 2 | _aLa tía Tula | |
| 740 | 2 | _aPaz en la Guerra | |
| 830 | 0 |
_aAntología de la literatura universal _946613 |
|
| 049 | _aBNPD | ||
| 999 |
_c22173 _d22173 |
||